000 01248cam a22003617a 4500
003 CHAP
005 20220817043857.0
008 030220d2001 it d r 00110 eng d
010 _a86838
011 _a87810
020 _a9251047243
035 _a98354
040 _cCHAP
090 _aFolleto 16573
110 2 _aFAO
245 1 0 _aGuidelines on standards for agricultural pesticide application equipment and related test procedures
_c/by FAO
260 _aRome :
_bFAO,
_c2001.
300 _av. :
_bgráf. ; tabla ; diagrama
500 _aLa biblioteca tiene: v.1 Portable (operator-carried) sprayers -- v.2 Vehicle-mounted and trailed sprayers
590 _aBATCH-UPD
_b10
_c20130110
_lUCH01
_h0248
590 _aBATCH-UPD
_b10
_c20130110
_lUCH01
_h1939
590 _aBATCH-UPD
_b10
_c20130410
_lUCH01
_h1303
590 _aBATCH-UPD
_b10
_c20130914
_lUCH01
_h0421
590 _aCONVERSION
_b10
_c20130109
_lUCH01
_h1348
650 1 4 _aAspersores.
_98126
650 1 4 _aPesticidas
_xAplicación.
_987539
650 1 4 _aPulverizadores.
_993020
901 _aBK
905 _aMarco A. Mendoza T.
942 _cFOLL
949 _aFolleto 16573
_bBC
_cFOLL
_d98354
_eTS1
_fv.1
_i98354
_sb
949 _aFolleto 16573
_bBC
_cFOLL
_d983541
_eTS1
_fv.2
_i98354
_sb
999 _c86838
_d86838